Sechs nächstgelegene Länder – Nauru - Statistiken

Allgemein
  • Dieses Quiz wurde 51 mal gespielt
  • Das Durchschnittsergebnis liegt bei 3 aus 6
Antwortstatistiken
km Land % Korrekt
776 Mikronesien
66%
288 Kiribati
61%
598 Marshallinseln
54%
1160 Tuvalu
51%
1104 Salomonen
34%
1392 Papua-Neuguinea
22%
Keine übereinstimmenden Quizze gefunden
Verteilung der Resultate
Anzahl Personen mit jedem Resultat
Perzentil nach korrekt beantworteten Fragen
Ihre Resultats-Entwicklung
Sie haben dieses Quiz noch nicht gespielt